| 000 | 00515nam a2200181 a 4500 | ||
|---|---|---|---|
| 005 | 20140310183316.0 | ||
| 008 | 051116s19uu xx 00 eng d | ||
| 020 | _a9719288531 | ||
| 050 |
_aRA 639 _b.Al14 2004 |
||
| 100 | _aAlbornoz, Romeo M. | ||
| 245 |
_aPrimary health care : _baseptic technique module / _cRomeo M. Albornoz. |
||
| 260 |
_aQuezon City : _bWiseman's Books Trading, _c2004. |
||
| 300 |
_a63 p. : _c26 cm. |
||
| 521 | _aNUR | ||
| 650 | _aHealth care | ||
| 942 |
_cBK _2lcc _kLOC |
||
| 999 |
_c21290 _d21290 |
||